Nuevos temas en la agenda de política educativa

Guardado en:
Detalles Bibliográficos
Autor principal: Tenti Fanfani, Emilio (Autor)
Formato: Libro
Lenguaje:español
Publicado: Buenos Aires Siglo Veintiuno 2008
Edición:1a. ed
Colección:Sociología y política Serie Educación y Sociedad
Materias:
Etiquetas: Agregar Etiqueta
Sin Etiquetas, Sea el primero en etiquetar este registro!

MARC

LEADER 00000nam a2200000 a 4500
001 UCH0029
003 CL-VaPUC
008 090108e20080000AG |||||||||||||||||spa|d
020 |a 9789876290241 
082 0 4 |a 379.2  |b TEN  |2 21 
100 0 |a Tenti Fanfani, Emilio  |e author  |9 534096 
245 1 0 |a Nuevos temas en la agenda de política educativa 
250 |a 1a. ed 
300 |a 234 p 
942 |c BK 
945 |d 20090108 00:00:00  |a rbrito 
260 |a Buenos Aires  |b Siglo Veintiuno  |c 2008 
650 0 |a Política educacional  |9 308011 
650 0 |a Sociología de la educación   |9 260380 
650 0 |a Investigación educacional   |9 261192 
650 0 |a Planificación de la educación   |9 307333 
650 0 |a Estado y educación   |9 311264 
583 |a last modification  |c 20121217 09:56:35  |k Rodrigo Vera 
490 0 |a Sociología y política Serie Educación y Sociedad 
999 |c 332435  |d 332433 
952 |0 0  |1 0  |4 0  |6 379_200000000000000_TEN_2008  |7 0  |8 A  |9 420142  |a BIBEDU  |b BIBEDU  |d 2019-11-22  |i 4510895  |l 1  |o 379.2 TEN 2008  |p 4510895  |r 2024-09-09  |s 2024-08-23  |w 2019-11-22  |y BK  |k PSI